000 00548nam a2200193Ia 4500
005 20250923145049.0
008 008 250917s9999 xx 000 0 eng d
037 _aTextual
040 _aDSWL
_beng
_cDSWL
041 _aeng
_2eng
084 _aY72oaWx3, N65
_qDSWL
245 0 _a2. Political systems and the distributy of power
_cEd.by M. Banton
260 _bTavistock Publications
_c1965
300 _a198p.
365 _aINR
_b30
925 _g30
942 _cTEXL
_hY72oaWx3, N65
999 _c1446639
_d1446639